000 00194 a2200097 4500
020 _a8471767201
041 _aspa
100 _aSaunders, Susan
245 _aEl Monstruo De La Laguna
942 _cBK
999 _c28532
_d28532